<?xml version="1.0" encoding="UTF-8"?><?xml-stylesheet type="text/xsl" href="static/style.xsl"?><OAI-PMH xmlns="http://www.openarchives.org/OAI/2.0/" xmlns:xsi="http://www.w3.org/2001/XMLSchema-instance" xsi:schemaLocation="http://www.openarchives.org/OAI/2.0/ http://www.openarchives.org/OAI/2.0/OAI-PMH.xsd"><responseDate>2026-06-02T17:38:11Z</responseDate><request verb="GetRecord" identifier="oai:riuma.uma.es:10630/46509" metadataPrefix="marc">https://riuma.uma.es/rest/oai/request</request><GetRecord><record><header><identifier>oai:riuma.uma.es:10630/46509</identifier><datestamp>2026-04-30T23:46:11Z</datestamp><setSpec>com_10630_2254</setSpec><setSpec>col_10630_37953</setSpec></header><metadata><record xmlns="http://www.loc.gov/MARC21/slim" xmlns:dcterms="http://purl.org/dc/terms/" xmlns:doc="http://www.lyncode.com/xoai" xmlns:xsi="http://www.w3.org/2001/XMLSchema-instance" xsi:schemaLocation="http://www.loc.gov/MARC21/slim http://www.loc.gov/standards/marcxml/schema/MARC21slim.xsd">
   <leader>00925njm 22002777a 4500</leader>
   <datafield ind2=" " ind1=" " tag="042">
      <subfield code="a">dc</subfield>
   </datafield>
   <datafield ind2=" " ind1=" " tag="720">
      <subfield code="a">Massip Sabater, Mariona</subfield>
      <subfield code="e">author</subfield>
   </datafield>
   <datafield ind2=" " ind1=" " tag="720">
      <subfield code="a">García-Ruiz, Carmen Rosa</subfield>
      <subfield code="e">author</subfield>
   </datafield>
   <datafield ind2=" " ind1=" " tag="720">
      <subfield code="a">González Monfort, Neus</subfield>
      <subfield code="e">author</subfield>
   </datafield>
   <datafield ind2=" " ind1=" " tag="260">
      <subfield code="c">2021</subfield>
   </datafield>
   <datafield ind2=" " ind1=" " tag="520">
      <subfield code="a">Los relatos del odio son discursos creados contra personas y colectivos. Generan discriminación a partir del estigma, la generalización y la exclusión de la con-vivencia social. En la era digital la educación es clave para que la formación de una ciudadanía crítica pueda deconstruir los relatos del odio que se difunden online, así como reconstruirlos como contrarrelatos. El presente estudio analiza las competencias para la interpretación crítica de la información digital de 307 alumnos y alumnas de Educación Secundaria ante re-latos del odio presentes en las redes sociales. Los resultados muestran un rechazo general hacia los relatos racistas y discriminatorios. A pesar de todo, se detectan dificultades importantes para aportar conocimientos sobre los contextos y para construir contrarrelatos. Por otro lado, una minoría del alumnado se muestra de acuerdo con estos discursos discriminatorios.</subfield>
   </datafield>
   <datafield ind1="8" ind2=" " tag="024">
      <subfield code="a">Massip-Sabater, M.; García-Ruiz, C. R.; González-Monfort, N. (2021). Contrariar el odio: Los relatos del odio en los medios digitales y la construcción de discursos alternativos en alumnado de Educación Secundaria. Bellaterra Journal of Teaching &amp; Learning Language &amp; Literature, 14(2), 1-19. https://doi.org/10.5565/rev/jtl3.909</subfield>
   </datafield>
   <datafield ind1="8" ind2=" " tag="024">
      <subfield code="a">https://hdl.handle.net/10630/46509</subfield>
   </datafield>
   <datafield ind1="8" ind2=" " tag="024">
      <subfield code="a">10.5565/rev/jtl3.909</subfield>
   </datafield>
   <datafield tag="653" ind2=" " ind1=" ">
      <subfield code="a">Alfabetización digital</subfield>
   </datafield>
   <datafield tag="653" ind2=" " ind1=" ">
      <subfield code="a">Investigación activa en educación</subfield>
   </datafield>
   <datafield tag="653" ind2=" " ind1=" ">
      <subfield code="a">Estudiantes de enseñanza secundaria</subfield>
   </datafield>
   <datafield ind2="0" ind1="0" tag="245">
      <subfield code="a">Contrariar el odio: Los relatos del odio en los medios digitales y la construcción de discursos alternativos en alumnado de Educación Secundaria</subfield>
   </datafield>
</record>
</metadata></record></GetRecord></OAI-PMH>